|
|
|
|
| LEADER |
00814nab a2200229 i 4500 |
| 001 |
misc65617 |
| 005 |
20230516151032.0 |
| 008 |
230413s1973 hu o 0|| ger d |
| 040 |
|
|
|a SZTE Miscellanea Repozitórium
|b hun
|
| 041 |
|
|
|a ger
|
| 100 |
1 |
|
|a Rácz Endre
|
| 245 |
1 |
4 |
|a Die Adaptation bei der Bildung von ungarischen Kosenamen
|h [elektronikus dokumentum] /
|c Rácz Endre
|
| 260 |
|
|
|c 1973
|
| 300 |
|
|
|a 29-36
|c 24 cm
|
| 300 |
|
|
|a [8] p.
|c 24 cm
|
| 490 |
0 |
|
|a Annales Universitatis Scientiarum Budapestiensis de Rolando Eötvös nominatae : Sectio linguistica
|
| 561 |
|
|
|a Németh Gyula hagyaték
|
| 591 |
|
|
|a NOM 4735
|
| 650 |
|
4 |
|a Bölcsészettudományok
|
| 650 |
|
4 |
|a Nyelvek és irodalom
|
| 695 |
|
|
|a Névkutatás - magyar
|
| 856 |
4 |
0 |
|u http://misc.bibl.u-szeged.hu/65617/1/4735_nom.pdf
|z Dokumentum-elérés
|